| 000 | 00887nam a2200313Ia 4500 | ||
|---|---|---|---|
| 003 | OSt | ||
| 005 | 20221007124332.0 | ||
| 006 | a|||||r|||| 00| 0 | ||
| 007 | ta | ||
| 008 | 221006b |||||||| |||| 00| 0 eng d | ||
| 020 | _a9780486667418 (pbk) | ||
| 024 | _a162485 | ||
| 037 | _cTextual | ||
| 040 |
_aCDL _cCDL _beng |
||
| 041 |
_2eng _aeng |
||
| 082 | _aC4:7, M4;3-;4 Carc | ||
| 100 |
_aGroot S,R, De _9717137 |
||
| 245 | 0 |
_aNon equilibrium thermodynamics _b Mazur P |
|
| 260 |
_aUSA _c1984 |
||
| 300 |
_avii;510p. _ccm. |
||
| 500 | _aAppendix i-453, iii-470p; Index 502-510p | ||
| 650 |
_a Irreversible process _9719064 |
||
| 650 |
_a Non-equalibrium _9719065 |
||
| 650 | _a Thermodynamics | ||
| 650 | _aChemistry | ||
| 700 |
_a Mazur P _9578264 |
||
| 942 |
_hC4:7, M4;3-;4 Carc _cTEXL _2CC |
||
| 999 |
_c1213362 _d1213362 |
||